000 00484nam a2200181Ia 4500
008 240729s9999 xx 000 0 und d
022 _a1559-2324
245 0 _aPlant Signaling & Behavior
260 _aUnited Kingdom
260 _bTaylor & Francis Group
650 _a Biology (General)
650 _a Botany
650 _a Plant ecology | Science
650 _aScience
856 _uhttps://doaj.org/toc/999a6ef7fdf242db8846c6a5e38ae875
942 _2ddc
942 _cDOAJEJ
999 _c69080
_d69080
945 _a1
_bMadushi Gamage
_c1
_dMadushi Gamage